| 000 | 01691nac a22003131u 4500 | ||
|---|---|---|---|
| 090 | _c6806 | ||
| 008 | 080824t xxu||||| |||| 00| 0 eng d | ||
| 010 | _a 2002001090 | ||
| 020 | _a078795697X | ||
| 082 | 0 | 0 |
_a658.422 _bPOI |
| 100 | _aPointer, Dennis Dale. | ||
| 245 | 1 | 4 |
_aThe high-performance board : _bprinciples of nonprofit organization governance / _cDennis D. Pointer, James E. Orlikoff. |
| 250 | _a1st ed. | ||
| 260 |
_a[San Francisco, Calif.] : _bJossey-Bass,c2002. _cc2002. |
||
| 300 |
_axxii, 186 p. : _bill. ; _c24 cm. |
||
| 440 | 4 | _aThe Jossey-Bass nonprofit and public management series | |
| 500 | _aDistributer: Al-Ahram. | ||
| 504 | _aIncludes bibliographical references (p. 181) and index. | ||
| 505 | 0 | _aGovernance basics -- Obligations -- Functioning : responsibilities -- Functioning : roles -- Structure -- Composition -- Infrastructure -- Transforming your board -- The sixty-four principles -- Illustrative board policies -- Sample committee charters -- Illustrative board chair position description -- Illustrative governance principles. | |
| 511 | _aCatalogued By: Mahitab. | ||
| 650 | 0 |
_aNonprofit organizations _xManagement. |
|
| 650 | 0 | _aBoards of directors. | |
| 700 | 1 | _aOrlikoff, James E. | |
| 856 | 4 | 2 |
_3Contributor biographical information _uhttp://www.loc.gov/catdir/bios/wiley043/2002001090.html |
| 856 | 4 | 2 |
_3Publisher description _uhttp://www.loc.gov/catdir/description/wiley036/2002001090.html |
| 856 | 4 | 2 |
_3Table of contents _uhttp://www.loc.gov/catdir/toc/wiley022/2002001090.html |
| 942 |
_cBB _k658.422POI _2ddc |
||
| 999 |
_c6806 _d6806 |
||